LEADER 01606nas 22005413a 450 001 996197868103316 005 20230222213018.0 011 $a1945-7103 035 $a(DE-599)ZDB2026352-1 035 $a(OCoLC)60639114 035 $a(CKB)954925379960 035 $a(CONSER)--2008215773 035 $a(EXLCZ)99954925379960 100 $a20050615a19319999 s-- a 101 0 $aeng 135 $aurun||||||||| 181 $ctxt$2rdacontent 182 $cc$2rdamedia 183 $acr$2rdacarrier 200 14$aThe Angle orthodontist 210 $a[Appleton, Wisc.] $cAngle Orthodontists Research and Education Foundation 300 $aRefereed/Peer-reviewed 300 $aTitle from title screen (publisher's Web site viewed July 14, 2008). 311 $a0003-3219 531 $aANGLE ORTHODONT 531 $aANGLE ORTHOD 531 $aANGL ORTHOD 531 $aANGLE ORTHODONTIST 606 $aOrthodontics$vPeriodicals 606 $aOrthodontics 606 $aOrthodontics$vPeriodicals 606 $aOrthodontie$vPériodiques 606 $aOrthodontie 606 $aOrthodontics$2fast$3(OCoLC)fst01048469 608 $aPeriodicals.$2fast 615 0$aOrthodontics 615 2$aOrthodontics 615 2$aOrthodontics 615 6$aOrthodontie 615 6$aOrthodontie. 615 7$aOrthodontics. 676 $a617 712 02$aAngle Orthodontists Research and Education Foundation. 712 02$aEdward H. Angle Society of Orthodontists. 906 $aJOURNAL 912 $a996197868103316 996 $aThe Angle orthodontist$91949369 997 $aUNISA LEADER 01402nam0 22002771i 450 001 UON00329208 005 20231205104213.572 100 $a20090826d1974 |0itac50 ba 101 $aita 102 $aIT 105 $a|||| ||||| 200 1 $a Movimenti religiosi nel Medioevo$ericerche sui nessi storici tra l'eresia, gli Ordini mendicanti e il movimento religioso femminile nel XII e XIII secolo e sulle origini storiche della mistica tedesca$fHerbert Grundmann 210 $aBologna$cIl Mulino$d1974 215 $aXX, 528 p.$d21 cm. 316 $aVecchio inventario SOMM 20089$5IT-UONSI III STORIAEURB/0680 410 1$1001UON00171974$12001 $aNuova Collana Storica $1210 $aBologna$cil Mulino 606 $aORDINI RELIGIOSI SEC. XII-XIII$3UONC049684$2FI 620 $aIT$dBologna$3UONL000085 700 1$aGRUNDMANN$bHerbert$3UONV138665$0159261 712 $aIl Mulino$3UONV245824$4650 801 $aIT$bSOL$c20240220$gRICA 912 $aUON00329208 950 $aSIBA - SISTEMA BIBLIOTECARIO DI ATENEO$dSI III STORIAEUR B 0325 $eSI SC 45613 5 0325 950 $aSIBA - SISTEMA BIBLIOTECARIO DI ATENEO$dSI III STORIAEUR B 0680 $eSI SC 45755 5 0680 Vecchio inventario SOMM 20089 996 $aMovimenti religiosi nel Medioevo$9217793 997 $aUNIOR LEADER 06469nam 22009015 450 001 9910298329803321 005 20251117075714.0 010 $a94-017-9121-X 024 7 $a10.1007/978-94-017-9121-2 035 $a(CKB)3710000000244814 035 $a(EBL)1966708 035 $a(OCoLC)908086049 035 $a(SSID)ssj0001353644 035 $a(PQKBManifestationID)11733432 035 $a(PQKBTitleCode)TC0001353644 035 $a(PQKBWorkID)11316338 035 $a(PQKB)10902698 035 $a(MiAaPQ)EBC1966708 035 $a(DE-He213)978-94-017-9121-2 035 $a(PPN)181347245 035 $a(EXLCZ)993710000000244814 100 $a20140919d2014 u| 0 101 0 $aeng 135 $aur|n|---||||| 181 $ctxt 182 $cc 183 $acr 200 10$aMendel's Ark $eBiotechnology and the Future of Extinction /$fby Amy Lynn Fletcher 205 $a1st ed. 2014. 210 1$aDordrecht :$cSpringer Netherlands :$cImprint: Springer,$d2014. 215 $a1 online resource (104 p.) 300 $aDescription based upon print version of record. 311 08$a94-017-9120-1 327 $a""Contents""; ""Chapter 1 The Future of Extinction""; ""1.1 Goodbye to the Baiji""; ""1.2 Hello to the Anthropocene""; ""1.3 Wicked Problems and Socio-Technical Imaginaries""; ""1.4 Telling Stories about Extinction""; ""1.5 Taking Control of Nature's Realm""; ""1.6 The Once and Future Baiji""; ""References""; ""Chapter 2 A Political History of Extinction""; ""2.1 From Eden to Extinctiona??? and Back Again?""; ""2.2 Fossils and Frontiers: Debating Extinction During the Enlightenment""; ""2.3 The Politics of Extinction in the Progressive Era"" 327 $a""2.4 Spaceship Earth: Twentieth Century Environmentalism""""2.5 Climate, Catastrophe and Conservation Biology""; ""2.6 Everything Old is New Again: Biotechnology and De-Extinction""; ""References""; ""Chapter 3 Bio-Inventories: The Digitization of Nature""; ""3.1 They Had to Count Them All: Bioinformatics and DNA Barcoding""; ""3.2 Cracking the Code of Life: Bioinformatics in the Twentieth Century""; ""3.3 The Encyclopedia of Life""; ""3.4 A Barcode for Every Species""; ""3.4.1 Transforming Ecology: From Species to Genes""; ""3.4.2 The Taxonomic Impediment""; ""3.5 Digital Natures"" 327 $a""References""""Chapter 4 Bio-Interventions: Cloning Endangered Species as Wildlife Conservation""; ""4.1 Is Nature Over?""; ""4.2 The Molecular Frontier: Biotechnology and Life as Code""; ""4.3 From Wistar Rats to Oncomice: Engineering Animals""; ""4.4 Dolly and Polly: Animal Cloning Hits the Big Time""; ""4.5 Noah's Ark: Cloning on the Edge of Extinction""; ""4.6 Preservation in a Petri Dish""; ""References""; ""Chapter 5 Bio-Identities: Cloning the Recently Extinct""; ""5.1 Liminal Lives: The Biopolitics of De-extinction""; ""5.2 The Past Comes Alive: Ancient DNA as Time Travel"" 327 $a""5.2.1 No Longer Dead as a Dodo""""5.2.2 Everything Old is New Again""; ""5.3 Tasmanian Tiger Tales""; ""5.3.1 You don't know what you got until you lose it""; ""5.3.1.1 The Thylacine as Environmental Icon""; ""5.4 Spectacular Science""; ""5.5 Pickled Pups and Promises""; ""5.6 Reviving and Restoring""; ""5.7 See It Now, While It's Still Extinct""; ""References""; ""Chapter 6 Bio-Imaginaries: Bringing Back the Woolly Mammoth""; ""6.1 Entering the Hall of Extinct Monsters""; ""6.2 How to Resurrect a Woolly Mammoth""; ""6.2.1 Raising the Mammoth""; ""6.2.2 Pleistocene Dreams"" 327 $a""6.3 Engineering Life: Synthetic Biology""""6.4 In Search of Lost Worlds""; ""References"" 330 $aDoes extinction have to be forever?  As the global extinction crisis accelerates, conservationists and policy-makers increasingly use advanced biotechnologies such as reproductive cloning, polymerase chain reaction (PCR) and bioinformatics in the urgent effort to save species.  Mendel's Ark considers the ethical, cultural and social implications of using these tools for wildlife conservation. Drawing upon sources ranging from science to science fiction, it focuses on the stories we tell about extinction and the meanings we ascribe to nature and technology.  The use of biotechnology in conservation is redrawing the boundaries between animals and machines, nature and artifacts, and life and death.  The new rhetoric and practice of de-extinction will thus have significant repercussions for wilderness and for society. The degree to which we engage collectively with both the prosaic and the fantastic aspects of biotechnological conservation will shape the boundaries and ethics of our desire to restore lost worlds. 606 $aBiodiversity 606 $aSocial sciences 606 $aEnvironmental law 606 $aEnvironmental policy 606 $aNature conservation 606 $aWildlife 606 $aFishes 606 $aNature 606 $aEcology 606 $aBiodiversity$3https://scigraph.springernature.com/ontologies/product-market-codes/L19031 606 $aSocial Sciences, general$3https://scigraph.springernature.com/ontologies/product-market-codes/X00000 606 $aEnvironmental Law/Policy/Ecojustice$3https://scigraph.springernature.com/ontologies/product-market-codes/U16002 606 $aNature Conservation$3https://scigraph.springernature.com/ontologies/product-market-codes/U26008 606 $aFish & Wildlife Biology & Management$3https://scigraph.springernature.com/ontologies/product-market-codes/L25080 606 $aPopular Science in Nature and Environment$3https://scigraph.springernature.com/ontologies/product-market-codes/Q16000 615 0$aBiodiversity. 615 0$aSocial sciences. 615 0$aEnvironmental law. 615 0$aEnvironmental policy. 615 0$aNature conservation. 615 0$aWildlife. 615 0$aFishes. 615 0$aNature. 615 0$aEcology. 615 14$aBiodiversity. 615 24$aSocial Sciences, general. 615 24$aEnvironmental Law/Policy/Ecojustice. 615 24$aNature Conservation. 615 24$aFish & Wildlife Biology & Management. 615 24$aPopular Science in Nature and Environment. 676 $a300 676 $a333.72 676 $a344.046 676 $a36370561 700 $aFletcher$b Amy Lynn$4aut$4http://id.loc.gov/vocabulary/relators/aut$0900709 906 $aBOOK 912 $a9910298329803321 996 $aMendel's Ark$92539463 997 $aUNINA